000 00785nam a2200253Ia 4500
003 GCL
008 140319s9999 xx 000 0 ara d
040 _aGCL /
_cGCL
082 0 4 _a306
_bن ت
100 1 _aنبيل على
245 1 0 _aتقانة المعلومات والثقافة :
_bرؤية عربية /
_cنبيل على
250 _aالاولى
260 _aالقاهرة :
_bدار العين للنشر ،
_c2006
300 _a460 ص ؛
_c24 سم
650 0 4 _aالاتصالات
650 0 4 _aالثقافة
650 0 4 _aالقراءة
650 0 4 _aالعلاقات الثقافية
650 0 4 _aالمعرفة
650 0 4 _aالانثروبولوجيا الثقافية
650 0 4 _aاللغة
650 0 4 _aالمعلوماتية
942 _2ddc
_cBK
999 _c9782
_d9782